The Calcutt review of housebuilding delivery (Record no. 107658)

MARC details
000 -LEADER
fixed length control field 01334cad a22002295a 4500
001 - CONTROL NUMBER
control field L141426
008 - FIXED-LENGTH DATA ELEMENTS--GENERAL INFORMATION
fixed length control field 071123e20071122xxkdo f s 000 0 eng d
020 ## - INTERNATIONAL STANDARD BOOK NUMBER
International Standard Book Number 9781851128877
035 ## - SYSTEM CONTROL NUMBER
System control number (Sirsi) u141426
041 0# - LANGUAGE CODE
Language code of text/sound track or separate title eng
050 04 - LIBRARY OF CONGRESS CALL NUMBER
Classification number 690.025 $2 18
245 04 - TITLE STATEMENT
Title The Calcutt review of housebuilding delivery
Medium [electronic resource]
260 ## - PUBLICATION, DISTRIBUTION, ETC.
Place of publication, distribution, etc. London
Name of publisher, distributor, etc. The Callcutt Review
Date of publication, distribution, etc. 2007
520 ## - SUMMARY, ETC.
Summary, etc. Examines how the nature of the UK housebuilding industry is influencing the supply of new homes. Gives an overview of the industry's structure, addressing its business models and how land, materials and skills relate to its supply chain. Considers how these factors will influence delivery of the Government's housing targets in terms of number of homes, sustainability and energy efficiency. Makes recommendation regarding business models, land supply, supply potential, infrastructure, regulation, skills supply and environmental and sustainability issues.
590 ## - LOCAL NOTE (RLIN)
Local note KA NTK
650 24 - SUBJECT ADDED ENTRY--TOPICAL TERM
Topical term or geographic name entry element PLANNING POLICY STATEMENT 3
650 24 - SUBJECT ADDED ENTRY--TOPICAL TERM
Topical term or geographic name entry element TOWN AND COUNTRY PLANNING ACT 1990
651 #4 - SUBJECT ADDED ENTRY--GEOGRAPHIC NAME
Geographic name United Kingdom
Chronological subdivision
690 ## - LOCAL SUBJECT ADDED ENTRY--TOPICAL TERM (OCLC, RLIN)
Topical term or geographic name as entry element PROPERTY-RESIDENTIAL PROPERTY-RESIDENTIAL PROPERTY DEVELOPMENT
856 40 - ELECTRONIC LOCATION AND ACCESS
Uniform Resource Identifier <a href="https://callcutt.idnet.net/downloads/callcuttreview_221107.pdf">https://callcutt.idnet.net/downloads/callcuttreview_221107.pdf</a>
Public note View the review free of charge at callcuttreview.co.uk
942 ## - ADDED ENTRY ELEMENTS (KOHA)
Suppress in OPAC 0
Holdings
Withdrawn status Lost status Source of classification or shelving scheme Damaged status Not for loan Home library Current library Shelving location Date acquired Total Checkouts Full call number Barcode Date last seen Copy number Price effective from Koha item type
    Dewey Decimal Classification     Virtual Virtual Online 23/11/2007   ONLINE PUBLICATION 141426-1001 06/08/2019 1 06/08/2019 Book